000 00654nam a2200193 a 4500
001 000013275
005 20240305073651.0
008 091123s2006 dr a 000 0 spa d
020 _a9945111272
040 _aDO-SdBNP
_bspa
_cBNPHU
082 _axxxx
_bP644
245 0 0 _aPimpón /
_cdirección editorial Obdulia García de Escobar ; editor Manuel García Cartagena.
260 _aSanto Domingo :
_bSantillana,
_c2006.
300 _a103 p. :
_bil. ;
_c28 cm.
500 _aAlfabetización para niños y niñas de 5 y 6 años
700 1 _aGarcía Escobar, Obdulia,
_edir. ed.
_929560
700 1 _aGarcía Cartagena, Manuel
_eed.
_912067
049 _aBNPD
999 _c12905
_d12905